| 000 | 006580000a22001930004500 | ||
|---|---|---|---|
| 003 | LK-CoMWRAF | ||
| 005 | 20240212222156.0 | ||
| 008 | 230817t1996 ||||| |||| 00| 0 eng d | ||
| 040 |
_aLK-CoMWRAF _dLK-CoMWRAF _eLK-CoMWRAF |
||
| 041 | _aeng | ||
| 082 |
_a332.1 _bAKU |
||
| 100 | _aAkuratiyagama, Daya | ||
| 245 |
_aEmpowerment of women and credit as a tool of development : _bThe Grameen bank development model of Bangladesh which provides practical lessons in training and education |
||
| 260 |
_b[Battaramulla]: _a[Author], _c1996 |
||
| 300 | _a111 p. | ||
| 650 | _aGrameen Bank-Bangladesh | ||
| 650 | _aRural women-Empowerment-Bangladesh | ||
| 942 | _cBK | ||
| 999 |
_c2039 _d2039 |
||